000 00435nam a22001697a 4500
005 20160613155836.0
008 160613b xxu||||| |||| 00| 0 eng d
020 _a978-1-1-59869-454-3
041 _aeng
082 _b7289
100 _aSandler, Corry and Javice, keefer
_91816
245 _a1001 Business letters for all occabians
260 _bAdars Media Corporation
300 _a422
650 _aManagement
_9241
942 _cBK
999 _c2551
_d2550